| 000 | 00719cam a22002293a 4500 | ||
|---|---|---|---|
| 001 | 33154 | ||
| 003 | PGUSA | ||
| 005 | 20140828083722.0 | ||
| 008 | 100714s2010||||xxu|||||s|||||000 | eng d | ||
| 040 |
_aPGUSA _beng |
||
| 042 | _adc | ||
| 050 | 4 | _aTK | |
| 100 | 1 |
_aDolbear, A. E. _q(Amos Emerson), _d1837-1910 |
|
| 245 | 1 | 4 |
_aThe Telephone : _bAn Account of the Phenomena of Electricity, Magnetism, and Sound, as Involved in Its Action _h[electronic resource] / _cA. E. Dolbear |
| 260 |
_bProject Gutenberg, _c2010 |
||
| 506 | _aPublic domain in the USA. | ||
| 516 | _aElectronic text | ||
| 653 | _aTelephone | ||
| 830 | 0 |
_aProject Gutenberg _v33154 |
|
| 856 | 4 | 0 | _uhttp://www.gutenberg.org/ebooks/33154 |
| 942 | _cEB | ||
| 999 |
_c262409 _d262409 |
||